LEADER 00715nam a2200193 i 4500 001 000000217380 003 CaOOAMICUS 005 20121204000000.0 008 121204s1827 xx u000 u lat u 013 $a196277 026 $aAnes teus emad fire (7) 1827 (A) 040 $aSeMil$bita 245 10$aVol. 5. 300 $a353, [3] p. 500 $aSegn. : A-O12 P10. 773 0 $aLiguori, Alfonso Maria : de' $tTheologia moralis beati Alphonsi Mariae de Ligorio. Volumen 1.[-16].$dModoetiae : Typis Lucae Corbetta, 1827-1829.$g5$w()27761 850 $aSeMil 852 $aSeMil$W1$xVenegono$y1$m2E I 5 FA$j167794$B167794$CSeMilBibl$Z2$F178565 $8I 996 $6245$aVol. 5$9(OLS)http://semarc/title/108696 LEADER 01914nam a2200313 i 4500 001 000000114293 003 CaOOAMICUS 005 20250711115224.0 008 150925s2003 be u000 u lat u 020 $a2-503-64922-X 040 $aSeMil$bita 245 10$aIoannes Rusbrochius : Ornatus spiritualis desponsationis Gerardo Magno interprete . Gerardus Magnus : Contra turrim Traiectensem /$ccurante CTLO. 264 1$aTurnhout :$bBrepols,$c2003. 300 $aVII, 57 p. ;$c25 cm +$e6 microfiches 490 1 $aCorpus Christianorum. Instrumenta lexicologica Latina. Ser. A, Formae ;$v123 500 $aSpoglio lessicale 700 1 $aGroote, Geert,$d<1340-1384>.$0(OLS)http://semarc/name/3706 700 1 $aRuusbroec, Jan : van .$0(OLS)http://semarc/name/3609 710 2 $aCentre traditio litterarum Occidentalium.$0(OLS)http://semarc/name/59 772 0 $aRuusbroec, Jan : van $t5.1: Ioannis Rusbrochii Ornatus spiritualis desponsationis.$dTurnhout : Brepols, 2000.$kCorpus Christianorum. Continuatio Mediaevalis$z2-503-04721-1$w()89404 772 0 $aGroote, Geert <1340-1384>$t1: Prolegomena ad Gerardi Magni Opera omnia.$dTurnhout : Brepols, 2003.$kCorpus Christianorum. Continuatio Mediaevalis$z2-503-04921-4$w()113540 830 0$aCorpus Christianorum. Instrumenta lexicologica latina. Ser. A, Formae ;$v123.$0(OLS)http://semarc/title/82 850 $aSeMil 852 $aSeMil$W1$xVenegono$y1$mSL2.G CC.CM.ILL 123$j255705$B69875$CSeMilBibl$Z2$F75026 $8I 961 $aSottoscrizione: Brepols 996 $6020$a2-503-64922-X$9(OLS)http://semarc/number/97540 996 $6245$aIoannes Rusbrochius : Ornatus spiritualis desponsationis Gerardo Magno interprete . Gerardus Magnus : Contra turrim Traiectensem$9(OLS)http://semarc/title/167007 996 $6264$aTurnhout :$bBrepols$9(OLS)http://semarc/publisher/29626